000 00601nam a22002177a 4500
003 UA-OsUOA
001 66839
007 ta
008 20100128b un ||||| |||| 00| 0 ukr d
100 _aРозпутенко І.В.
090 _a32
_bР65
942 _cSA
040 _aUA-OsUOA
_bukr
_cUA-OsUOA
_dUA-OsUOA
245 _aРосійсько-українські геоінвестиційні відносини в контексті євроінтеграції
300 _aС.19-26
955 _a0
041 _aukr
080 _a32
773 0 _w66837
650 7 _a32 Політика
_2UDC
999 _c352973
_d352973